| 000 | 00845 a2200217 4500 | ||
|---|---|---|---|
| 001 | 43213 | ||
| 005 | 20260407155716.0 | ||
| 008 | 260407a1970 arg spa d | ||
| 003 | AR-UNSa-BCEJYS | ||
| 040 |
_aAR-UNSa-BCEJYS _bspa _cAR-UNSa-BCEJYS |
||
| 080 |
_a911 _xGeografía general. Ciencia de los factores geográficos (geografía sistemática). Geografía teórica |
||
| 245 | 1 | 0 | _aGeografía ilustrada Labor |
| 264 | 1 |
_aBarcelona : _bLabor _c1970 |
|
| 300 |
_a5 v. _c33 cm. |
||
| 505 | _aVol. 1: Sociedad. Economía - Vol. 2: Paisaje humanizado. Organización del territorio y del estado - Vol. 3: Europa y Asia - Vol. 4: Africa. América. Oceanía. Tierras Polares - Vol. 5: Apéndice | ||
| 041 | _aspa | ||
| 942 | _cBK | ||
| 590 | _aniveau_biblio:m niveau_hierar:0 | ||
| 100 | 1 | _aCapel Sáez, Horacio | |
| 700 | 1 | _aVilá Valentí, Juan | |
| 999 |
_c3665 _d3665 |
||